Asian comparative constitutional law / edited by Ngoc Son Bui and Mara Malagodi . (Record no. 22602)

000 -LEADER
fixed length control field 00937nam a2200193 4500
020 ## - INTERNATIONAL STANDARD BOOK NUMBER
ISBN 9781509949700
082 ## - DEWEY DECIMAL CLASSIFICATION NUMBER
Classification number 342.5
Item number As8323 2023
245 ## - TITLE STATEMENT
Title Asian comparative constitutional law / edited by Ngoc Son Bui and Mara Malagodi .
250 ## - EDITION STATEMENT
Edition statement First edition.
260 ## - PUBLICATION, DISTRIBUTION, ETC. (IMPRINT)
Place of publication New York; Dublin :
Name of publisher Hart Publishing, Bloomsbury Publishing Plc,
Year of publication 2023.
300 ## - PHYSICAL DESCRIPTION
Number of Pages 1 online resource, 445 pages :
Other physical details illustrations.
490 ## - SERIES STATEMENT
Series statement Asian comparative constitutional law ; volume 1
500 ## - GENERAL NOTE
General note Includes bibliographical references and index.
505 ## - FORMATTED CONTENTS NOTE
Formatted contents note Introduction - Japan's Post - War Constitution - South Korea's 1948 Constitution - Constitution - making in Asian jurisdictions - Conclusion.
520 ## - SUMMARY, ETC.
Summary, etc Examines constitution - making processes in 19 Asian jurisdictions, focusing on political, legal, and institutional developments.
650 ## - SUBJECT ADDED ENTRY--TOPICAL TERM
Topical Term Constitutional law -- Asia.
700 ## - ADDED ENTRY--PERSONAL NAME
Personal name Bui, Ngoc Son, editor.
942 ## - ADDED ENTRY ELEMENTS (KOHA)
Koha item type Electronic Books
Holdings
Source of acquisition Permanent Location Date acquired Collection code Koha item type Lost status Shelving location Withdrawn status Current Location Full call number
DonationCagayan State University - Carig Library2026-04-16E-BooksElectronic Books E-Resource Section Cagayan State University - Carig Library342.5 As8323 2023

Cagayan State University University Library, Carig Campus
Tuguegarao City, Cagayan 3500 | www.csucarig.edu.ph

Powered by Koha